Electric circuits / (Record no. 188485)
[ view plain ]
| 000 -LEADER | |
|---|---|
| fixed length control field | 01430 a2200229 4500 |
| 003 - CONTROL NUMBER IDENTIFIER | |
| control field | Nust |
| 005 - DATE AND TIME OF LATEST TRANSACTION | |
| control field | 20221129134301.0 |
| 010 ## - LIBRARY OF CONGRESS CONTROL NUMBER | |
| LC control number | 2007279221 |
| 020 ## - INTERNATIONAL STANDARD BOOK NUMBER | |
| International Standard Book Number | 978813171874 |
| 040 ## - CATALOGING SOURCE | |
| Transcribing agency | Nust |
| 082 ## - DEWEY DECIMAL CLASSIFICATION NUMBER | |
| Classification number | 621.3815,NIL |
| 100 1# - MAIN ENTRY--PERSONAL NAME | |
| Personal name | Nilsson, James William. |
| 9 (RLIN) | 102279 |
| 245 10 - TITLE STATEMENT | |
| Title | Electric circuits / |
| Statement of responsibility, etc. | James W. Nilsson, Susan A. Riedel. |
| 250 ## - EDITION STATEMENT | |
| Edition statement | 8th ed. |
| 260 ## - PUBLICATION, DISTRIBUTION, ETC. | |
| Place of publication, distribution, etc. | Upper Saddle River, N.J. : |
| Name of publisher, distributor, etc. | Pearson/Prentice Hall, |
| Date of publication, distribution, etc. | c2008. |
| 300 ## - PHYSICAL DESCRIPTION | |
| Extent | xxii, 855 p. : |
| Other physical details | ill. (some col.) ; |
| Dimensions | 27 cm. |
| 505 ## - FORMATTED CONTENTS NOTE | |
| Formatted contents note | Circuit Variables (Page-22), Circuit Elements (Page-42), Simple Resistive Circuits (Page-76), Techniques of Circuit Analysis (Page-112), The Operational Amplifier (Page-174), Inductance Capacitance and Mutual Inductance (Page-206), Response of First order RL and RC Circuits (Page-248), Natural and Step Responses of RLC Circuits (Page-304), Sinusoidal Steady State Power Calculations (Page-410), Balanced Three-Phase Circuits (Page-452), Introduction to the Laplace Transform (Page-486), The Laplace Transform in Circuit Analysis (Page-526), Introduction to Frequency Selective Circuits (Page-586), Active Filter Circuits (Page-626), Fourier Series (Page-676), The Fourier Transform (Page-718), Two Port Circuits (Page-750). |
| 650 #0 - SUBJECT ADDED ENTRY--TOPICAL TERM | |
| Topical term or geographic name entry element | Telecommunication engineering |
| 700 1# - ADDED ENTRY--PERSONAL NAME | |
| Personal name | Riedel, Susan A. |
| 9 (RLIN) | 103773 |
| 856 41 - ELECTRONIC LOCATION AND ACCESS | |
| Materials specified | Table of contents |
| Uniform Resource Identifier | <a href="http://www.loc.gov/catdir/toc/fy0802/2007279221.html">http://www.loc.gov/catdir/toc/fy0802/2007279221.html</a> |
| 942 ## - ADDED ENTRY ELEMENTS (KOHA) | |
| Source of classification or shelving scheme | |
| Koha item type | Book |
| Withdrawn status | Lost status | Source of classification or shelving scheme | Damaged status | Not for loan | Permanent Location | Current Location | Shelving location | Date acquired | Full call number | Barcode | Date last seen | Price effective from | Koha item type | Public note |
|---|---|---|---|---|---|---|---|---|---|---|---|---|---|---|
| Military College of Signals (MCS) | Military College of Signals (MCS) | General Stacks | 12/12/2016 | 621.3815,NIL | MCS34661 | 12/08/2016 | 12/12/2016 | Book | Almirah No.33, Shelf No.2 |
